[Event "HUN-chT2 Barcza 1011"]
[Site "Hungary"]
[Date "2011.04.10"]
[Round "8.11"]
[White "Fulop, Norbert"]
[Black "Gal, Hanna Krisztina"]
[Result "0-1"]
[WhiteElo "1928"]
[BlackElo "1902"]
[PlyCount "84"]
[EventDate "2010.09.12"]
[EventType "team-tourn"]
[EventRounds "11"]
[EventCountry "HUN"]
[SourceTitle "EXT 2012"]
[Source "ChessBase"]
[SourceDate "2011.11.24"]
[SourceVersion "1"]
[SourceVersionDate "2011.11.24"]
[SourceQuality "1"]
[WhiteTeam "Piremon"]
[BlackTeam "Hajduszoboszlo"]
[WhiteTeamCountry "HUN"]
[BlackTeamCountry "HUN"]

1. e4 e6 2. d4 d5 3. Nd2 c5 4. exd5 exd5 5. Ndf3 Nf6 6. Bg5 Be7 7. g3 0-0 8. Bg2 Qb6 9. b3 cxd4 10. Ne2 Bb4+ 11. Bd2 Ne4 12. 0-0 Bxd2 13. Nxd2 Nc3 14. Nxc3 dxc3 15. Nf3 Rd8 16. Nd4 Nc6 17. Nxc6 Qxc6 18. Qd3 Qf6 19. Qb5 a6 20. Qa5 b6 21. Qb4 a5 22. Qa3 Bf5 23. Rac1 Rac8 24. Rfd1 Be4 25. Qa4 Bxg2 26. Kxg2 Qf5 27. Qb5 Rd6 28. Qf1 Rh6 29. Kg1 Re6 30. Qg2 Rce8 31. Qf1 h6 32. Rd3 Rc8 33. Rcd1 Rc5 34. Re1 b5 35. Ra1 b4 36. a3 Re8 37. axb4 axb4 38. Ra4 d4 39. Ra1 Rce5 40. Rad1 Re2 41. Rxd4 Qxc2 42. Rxb4 Qxd1 0-1

[Event "HUN-chT2 Barcza 0708"]
[Site "Hungary"]
[Date "2007.12.16"]
[Round "5"]
[White "Cselenyi, Balazs"]
[Black "Fulop, Norbert"]
[Result "1-0"]
[WhiteElo "2170"]
[BlackElo "2002"]
[PlyCount "55"]
[EventDate "2007.10.14"]
[EventType "team"]
[EventRounds "11"]
[EventCountry "HUN"]
[SourceTitle "EXT 2009"]
[Source "ChessBase"]
[SourceDate "2008.11.26"]
[SourceVersion "1"]
[SourceVersionDate "2008.11.26"]
[SourceQuality "1"]
[WhiteTeam "DEAC"]
[BlackTeam "Piremon"]
[WhiteTeamCountry "HUN"]
[BlackTeamCountry "HUN"]

1. d4 d5 2. c4 e6 3. Nf3 Nf6 4. Bg5 Be7 5. e3 Ne4 6. Bxe7 Qxe7 7. Nbd2 c6 8. Bd3 f5 9. Ne5 0-0 10. 0-0 Qe8 11. Bxe4 fxe4 12. f3 exf3 13. Rxf3 Rxf3 14. Qxf3 Nd7 15. Qg3 Qe7 16. Rf1 Nf6 17. b3 Bd7 18. Rxf6 Qxf6 19. Nxd7 Qe7 20. Ne5 Qa3 21. Qg4 Re8 22. Qd1 Qxa2 23. Ndf3 a5 24. h4 b5 25. cxb5 cxb5 26. Qd3 Rb8 27. Ng5 g6 28. Nxh7 1-0

[Event "HUN-chT2 Barcza 0607"]
[Site "Hungary"]
[Date "2007.03.04"]
[Round "6"]
[White "Fulop, Norbert"]
[Black "Duzs, Jozsef"]
[Result "1/2-1/2"]
[WhiteElo "1951"]
[BlackElo "2099"]
[PlyCount "72"]
[EventDate "2006.11.12"]
[EventType "team"]
[EventRounds "11"]
[EventCountry "HUN"]
[SourceTitle "EXT 2008"]
[Source "ChessBase"]
[SourceDate "2007.11.25"]
[SourceVersion "1"]
[SourceVersionDate "2007.11.25"]
[SourceQuality "1"]
[WhiteTeam "Piremon"]
[BlackTeam "Edeleny II"]
[WhiteTeamCountry "HUN"]
[BlackTeamCountry "HUN"]

1. e4 e6 2. d4 d5 3. Nd2 c5 4. exd5 Qxd5 5. Ngf3 cxd4 6. Nb3 Bb4+ 7. Bd2 Bxd2+ 8. Qxd2 Nf6 9. Qxd4 0-0 10. Qxd5 Nxd5 11. 0-0-0 Nd7 12. g3 N7f6 13. Bh3 b6 14. Rhe1 Bb7 15. Ne5 Rfd8 16. Nd3 Nc7 17. Nd2 Nb5 18. Ne5 Rac8 19. Nxf7 Kxf7 20. Bxe6+ Kf8 21. Bxc8 Rxc8 22. Nb3 Bf3 23. Rd2 Be4 24. f4 a5 25. a4 Na7 26. Nd4 Nc6 27. Nxc6 Rxc6 28. b3 h5 29. Kb2 Bf5 30. Re5 g6 31. c4 Ng4 32. Re1 Nf6 33. Rd4 Nd7 34. Ka3 Nc5 35. Re3 Kf7 36. Kb2 Ne6 1/2-1/2

[Event "HUN-chT2 Barcza 0607"]
[Site "Hungary"]
[Date "2006.12.17"]
[Round "4"]
[White "Maklari, Arpad"]
[Black "Fulop, Norbert"]
[Result "1/2-1/2"]
[WhiteElo "2078"]
[BlackElo "1951"]
[PlyCount "53"]
[EventDate "2006.11.12"]
[EventType "team"]
[EventRounds "11"]
[EventCountry "HUN"]
[SourceTitle "EXT 2008"]
[Source "ChessBase"]
[SourceDate "2007.11.25"]
[SourceVersion "1"]
[SourceVersionDate "2007.11.25"]
[SourceQuality "1"]
[WhiteTeam "Hajduszoboszlo"]
[BlackTeam "Piremon"]
[WhiteTeamCountry "HUN"]
[BlackTeamCountry "HUN"]

1. e4 e5 2. d4 exd4 3. Qxd4 Nc6 4. Qe3 d6 5. Bc4 Nf6 6. Nc3 Be6 7. Bxe6 fxe6 8. f4 Be7 9. Qd3 Qd7 10. Be3 Ng4 11. 0-0-0 0-0-0 12. Nf3 Qe8 13. h3 Nxe3 14. Qxe3 Rf8 15. g4 Qf7 16. f5 g6 17. Nd4 gxf5 18. exf5 Nxd4 19. Qxd4 Bg5+ 20. Kb1 Bf6 21. fxe6 Bxd4 22. exf7 Bxc3 23. bxc3 Rxf7 24. Rhf1 Rdf8 25. Rxf7 Rxf7 26. Rd5 Kd7 27. Rh5 1/2-1/2

[Event "HUN-chT2 Barcza 0607"]
[Site "Hungary"]
[Date "2006.11.26"]
[Round "2"]
[White "Hibjan, Tamas"]
[Black "Fulop, Norbert"]
[Result "1/2-1/2"]
[WhiteElo "2098"]
[BlackElo "1951"]
[PlyCount "97"]
[EventDate "2006.11.12"]
[EventType "team"]
[EventRounds "11"]
[EventCountry "HUN"]
[SourceTitle "EXT 2008"]
[Source "ChessBase"]
[SourceDate "2007.11.25"]
[SourceVersion "1"]
[SourceVersionDate "2007.11.25"]
[SourceQuality "1"]
[WhiteTeam "Szabolcs Volan"]
[BlackTeam "Piremon"]
[WhiteTeamCountry "HUN"]
[BlackTeamCountry "HUN"]

1. e4 e5 2. Nf3 Nc6 3. Bb5 a6 4. Ba4 Nf6 5. 0-0 b5 6. Bb3 Be7 7. Re1 0-0 8. c3 d5 9. exd5 Nxd5 10. d4 exd4 11. cxd4 Bf6 12. Nc3 Nce7 13. Ne4 Bb7 14. Ne5 Ng6 15. Nc5 Bc8 16. a4 Nb6 17. axb5 axb5 18. Rxa8 Nxa8 19. f4 Bxe5 20. fxe5 c6 21. e6 Nc7 22. exf7+ Kh8 23. Ne4 Be6 24. Ng5 Bxb3 25. Qh5 Qxd4+ 26. Be3 Qh4 27. Qxh4 Nxh4 28. Bc5 Rxf7 29. Nxf7+ Bxf7 30. Re7 Bd5 31. Rxc7 Kg8 32. Bd4 Nf5 33. Be5 h5 34. Kf2 Kh7 35. g3 Kg6 36. h3 Kh6 37. g4 Nh4 38. Kg3 Nf3 39. Bf4+ g5 40. Be3 h4+ 41. Kf2 Ne5 42. Bd4 Nd3+ 43. Kg1 Nf4 44. Kh2 Ne6 45. Be5 Nxc7 46. Bxc7 c5 47. Bd6 c4 48. Bb4 Kg6 49. Bc3 1/2-1/2

[Event "HUN-chT2 Barcza 0607"]
[Site "Hungary"]
[Date "2006.11.12"]
[Round "1"]
[White "Fulop, Norbert"]
[Black "Szava, Miklos"]
[Result "0-1"]
[WhiteElo "1951"]
[BlackElo "2086"]
[PlyCount "58"]
[EventDate "2006.11.12"]
[EventType "team"]
[EventRounds "11"]
[EventCountry "HUN"]
[SourceTitle "EXT 2008"]
[Source "ChessBase"]
[SourceDate "2007.11.25"]
[SourceVersion "1"]
[SourceVersionDate "2007.11.25"]
[SourceQuality "1"]
[WhiteTeam "Piremon"]
[BlackTeam "Lokomotiv"]
[WhiteTeamCountry "HUN"]
[BlackTeamCountry "HUN"]

1. e4 c5 2. Nf3 Nc6 3. Bb5 g6 4. c3 Bg7 5. d4 cxd4 6. cxd4 Qb6 7. Bxc6 bxc6 8. 0-0 Nf6 9. Re1 0-0 10. Nc3 d6 11. h3 c5 12. dxc5 Qxc5 13. e5 dxe5 14. Rxe5 Qc7 15. Nb5 Qb7 16. Qe2 Nd5 17. Rxd5 Qxd5 18. Nc7 Qc6 19. Nxa8 Qxa8 20. Qxe7 Bxh3 21. Qh4 Bf5 22. Nd4 Be4 23. Be3 Bxg2 24. Rc1 Bd5 25. f4 Qe8 26. Kf2 Qe4 27. Rd1 Qg2+ 28. Ke1 Re8 29. Qf2 Qe4 0-1

[Event "HUN-chT2 Barcza 0506"]
[Site "Hungary"]
[Date "2005.11.13"]
[Round "3"]
[White "Rakaczki, Csaba"]
[Black "Fulop, Norbert"]
[Result "1/2-1/2"]
[WhiteElo "1986"]
[BlackElo "1916"]
[PlyCount "72"]
[EventDate "2005.10.16"]
[EventType "team"]
[EventRounds "11"]
[EventCountry "HUN"]
[SourceTitle "EXT 2009"]
[Source "ChessBase"]
[SourceDate "2008.11.26"]
[SourceVersion "1"]
[SourceVersionDate "2008.11.26"]
[SourceQuality "1"]
[WhiteTeam "Lokomotiv"]
[BlackTeam "Piremon II"]
[WhiteTeamCountry "HUN"]
[BlackTeamCountry "HUN"]

1. e4 e5 2. Nc3 Nc6 3. Bc4 Nf6 4. d3 Na5 5. Nge2 Nxc4 6. dxc4 Be7 7. 0-0 0-0 8. f4 d6 9. f5 Ne8 10. Ng3 g5 11. Nd5 f6 12. Qg4 c6 13. Nxe7+ Qxe7 14. h4 h6 15. Be3 b6 16. Kf2 Rf7 17. Rh1 Rh7 18. Rh2 Qf7 19. hxg5 hxg5 20. Rxh7 Qxh7 21. Rh1 Qf7 22. Qh3 Kf8 23. b3 Rb8 24. Ne2 Rb7 25. g4 Ke7 26. Nc3 Kd8 27. Bc1 Rd7 28. Ba3 Bb7 29. Rd1 Ba8 30. Qf3 Bb7 31. Qh1 Qg7 32. Rd3 Kc7 33. Rh3 Qf7 34. Rh8 Re7 35. Qh6 Kd7 36. Bc1 Qg7 1/2-1/2

[Event "HUN-chT U20"]
[Site "Budapest"]
[Date "2004.12.30"]
[Round "6"]
[White "Fulop, Norbert"]
[Black "Szabo, Balazs"]
[Result "1-0"]
[WhiteElo "1936"]
[BlackElo "2194"]
[PlyCount "116"]
[EventDate "2004.12.27"]
[EventType "team"]
[EventRounds "7"]
[EventCountry "HUN"]
[SourceTitle "EXT 2008"]
[Source "ChessBase"]
[SourceDate "2007.11.25"]
[SourceVersion "1"]
[SourceVersionDate "2007.11.25"]
[SourceQuality "1"]

1. e4 c5 2. Nf3 d6 3. d4 cxd4 4. Qxd4 a6 5. Be3 Nc6 6. Qd2 Nf6 7. Nc3 g6 8. 0-0-0 Bg7 9. Nd4 0-0 10. f3 d5 11. Nxc6 bxc6 12. exd5 Nxd5 13. Nxd5 cxd5 14. Qxd5 Qc7 15. Qc4 Qe5 16. Qc3 Qxc3 17. bxc3 Bxc3 18. Bd4 Bb4 19. Bc4 Bf5 20. Bb3 a5 21. a4 Rac8 22. g4 Be6 23. Kb2 Rc6 24. Bxe6 fxe6 25. Rd3 Rfc8 26. c3 Bd6 27. h3 Rb8+ 28. Kc2 Rc4 29. Ra1 Rbb4 30. Rdd1 Rxa4 31. Rxa4 Rxa4 32. Kb3 Ra3+ 33. Kb2 a4 34. Ra1 Rb3+ 35. Kc2 Ba3 36. Rb1 Rxb1 37. Kxb1 Kf8 38. Ka2 Bd6 39. c4 Bb4 40. Kb2 Ke8 41. Kc2 Kd7 42. Kd3 Kc6 43. Ke4 Bd2 44. Bb2 Kc5 45. Kd3 Be1 46. Ba3+ Bb4 47. Bb2 a3 48. Bd4+ Kd6 49. Ba1 g5 50. Kc2 Kc5 51. Kb3 Bd2 52. Bg7 Bf4 53. Bf8 a2 54. Bxe7+ Kd4 55. Bf6+ e5 56. Kxa2 Kxc4 57. Kb2 Kd3 58. Kb3 Ke2 1-0

[Event "HUN-chT2 Barcza 0304"]
[Site "Hungary"]
[Date "2003.11.30"]
[Round "4"]
[White "Csatlos, Bela"]
[Black "Fulop, Norbert"]
[Result "1-0"]
[WhiteElo "1932"]
[BlackElo "1898"]
[PlyCount "53"]
[EventDate "2003.08.29"]
[EventType "team"]
[EventRounds "11"]
[EventCountry "HUN"]
[SourceTitle "EXT 2009"]
[Source "ChessBase"]
[SourceDate "2008.11.26"]
[SourceVersion "1"]
[SourceVersionDate "2008.11.26"]
[SourceQuality "1"]
[WhiteTeam "Kazincbarcika"]
[BlackTeam "Piremon II"]
[WhiteTeamCountry "HUN"]
[BlackTeamCountry "HUN"]

1. e4 e5 2. Nc3 Nc6 3. Nf3 Nf6 4. d4 exd4 5. Nxd4 Bb4 6. Nxc6 bxc6 7. Bd3 0-0 8. 0-0 d5 9. exd5 cxd5 10. Bg5 c6 11. Qf3 Be7 12. Rae1 Re8 13. Re5 Be6 14. Rfe1 Rb8 15. Nd1 Rb7 16. Bf5 Bd6 17. R5e2 h6 18. Bh4 Rb4 19. Bxe6 Rxh4 20. Bxf7+ Kxf7 21. Rxe8 Bxh2+ 22. Kf1 Qb6 23. g3 Rh5 24. R1e6 Qb5+ 25. Kg2 Kg6 26. R8e7 Rf5 27. Rxg7+ 1-0